00881cam a2200277 a 450000100090000000300040000900500170001300800410003001000170007102000150008803500220010304000180012504200100014304300120015308200160016524501350018126000340031630000250035050400410037565000280041665100470044465100420049170000230053370000250055670000220058113346939OSt20230620131633.0030218s2002 ke b 000 0 eng  a 2002457446 a9966915192 a(DLC) 2002457446 aDLCcDLCdDLC alcode af-ke---00a320.96bWAN00aYearning for democracy :bKenya at the dawn of a new century /cedited by Smokin Wanjala, S. Kichamu Akivaga, and Kivutha Kibwana. aNairobi :bClaripress,c2002. aix, 380 p. ;c21 cm. aIncludes bibliographical references. 0aDemocratizationzKenya. 0aKenyaxPolitics and governmenty1978-2002. 0aKenyaxPolitics and governmenty2002-1 aWanjala, Smokin C.1 aAkivaga, S. Kichamu.1 aKibwana, Kivutha.